Loading...
Mythology | 0 | 10 | 0 | 2 | 100 | 60 | 103.70 | 2 | 7 |
Fine Arts - Painting & Sculpture | 0 | 10 | 0 | 0 | 100 | 41 | 85.20 | 4 | 9 |
Literature - European Literature | 0 | 9 | 0 | 0 | 90 | 64 | 97.11 | 2 | 7 |
History - Other History | 0 | 8 | 0 | 1 | 80 | 78 | 102.63 | 0 | 6 |
Religion | 0 | 8 | 0 | 1 | 80 | 70 | 97.50 | 3 | 6 |
Philosophy | 0 | 8 | 1 | 1 | 75 | 47 | 105.88 | 0 | 6 |
History - European History | 0 | 8 | 1 | 0 | 75 | 41 | 76.38 | 3 | 8 |
History - World History | 0 | 8 | 1 | 1 | 75 | 70 | 90.25 | 4 | 7 |
Fine Arts - Classical Music | 0 | 8 | 2 | 0 | 70 | 61 | 101.13 | 5 | 8 |
Fine Arts - Other Fine Arts | 0 | 7 | 0 | 0 | 70 | 77 | 111.57 | 1 | 6 |
Literature - British Literature | 0 | 7 | 0 | 1 | 70 | 96 | 106.86 | 2 | 6 |
Other | 0 | 7 | 0 | 1 | 70 | 37 | 87.29 | 1 | 6 |
Literature - World Literature | 0 | 7 | 1 | 1 | 65 | 64 | 87.86 | 0 | 6 |
Science - Biology | 0 | 6 | 0 | 2 | 60 | 103 | 114.00 | 0 | 1 |
Social Science | 0 | 6 | 1 | 1 | 55 | 70 | 103.83 | 2 | 5 |
Literature - American Literature | 0 | 6 | 1 | 1 | 55 | 49 | 85.33 | 2 | 5 |
Science - Physics | 0 | 5 | 1 | 1 | 45 | 80 | 106.60 | 2 | 4 |
History - American History | 0 | 5 | 2 | 1 | 40 | 56 | 85.00 | 2 | 4 |
Science - Chemistry | 0 | 4 | 0 | 0 | 40 | 89 | 110.00 | 0 | 4 |